| 000 | 01194nam a22003017a 4500 | ||
|---|---|---|---|
| 001 | 8061 | ||
| 003 | FISKH | ||
| 005 | 20250820100801.0 | ||
| 008 | 250820b cb ||||| |||| 00| 0 eng d | ||
| 020 | _a9780794500474 | ||
| 040 |
_aFISKH _beng _cFISKH _dFISKH |
||
| 082 | _a823.92 | ||
| 100 | _aWatt, Fiona | ||
| 245 |
_aThat's Not My Lion ... / _cWritten by Fiona Watt : Illustrated by Rachel Wells |
||
| 250 | _aFirst published in 2001 | ||
| 260 |
_aLondon : _bUsborne Publishing, Ltd., _c2001. |
||
| 300 |
_a10 unnumbered pages : _bcolor illustrations ; _c16 X 16cm . |
||
| 490 | _aUsborne Touchy-Feely Books | ||
| 505 | _aB | ||
| 520 | _a"This delightful series of board books is aimed at very young children. The bright pictures, with their patches of different textures, are designed to develop sensory and language awareness. Babies and toddlers will love turning the pages and touching the feely patches."--Back cover. | ||
| 521 | 8 |
_a100
_bLexile estimate |
|
| 521 | 8 |
_aB
_bRaz-Plus |
|
| 650 |
_aTouch and feel _vChildren's Books |
||
| 650 |
_aTouchy-feely _vChildren's Books |
||
| 700 |
_aWells, Rachel _eIllustrator |
||
| 942 |
_2ddc _cBK _n0 |
||
| 999 |
_c8061 _d8061 |
||